Life management skills VI : (Record no. 1084)

MARC details
000 -LEADER
fixed length control field 01151cam a2200277Ia 4500
003 - CONTROL NUMBER IDENTIFIER
control field data
005 - DATE AND TIME OF LATEST TRANSACTION
control field 20260322212046.0
008 - FIXED-LENGTH DATA ELEMENTS--GENERAL INFORMATION
fixed length control field data
010 ## - LIBRARY OF CONGRESS CONTROL NUMBER
LC control number 00190334
020 ## - INTERNATIONAL STANDARD BOOK NUMBER
International Standard Book Number 1893277011
020 ## - INTERNATIONAL STANDARD BOOK NUMBER
International Standard Book Number 9781893277014
040 ## - CATALOGING SOURCE
Original cataloging agency HN5
Transcribing agency HN5
Modifying agency JCU
-- JCU
096 ## - LOCALLY ASSIGNED NLM-TYPE CALL NUMBER (OCLC)
Classification number WM 450.5 O2 K84L 2000
001 - CONTROL NUMBER
control field data
100 1# - MAIN ENTRY--PERSONAL NAME
Personal name Korb-Khalsa, Kathy L.,
Dates associated with a name 1958-
245 10 - TITLE STATEMENT
Title Life management skills VI :
Remainder of title reproducible activity handouts created for facilitators /
Statement of responsibility, etc. Kathy L. Korb-Khalsa & Estelle A. Leutenberg.
246 3# - VARYING FORM OF TITLE
Title proper/short title Life management skills six.
246 3# - VARYING FORM OF TITLE
Title proper/short title Life management skills 6.
260 ## - PUBLICATION, DISTRIBUTION, ETC.
Place of publication, distribution, etc. Beachwood, Ohio :
Name of publisher, distributor, etc. Wellness Reproductions & Pub.,
Date of publication, distribution, etc. c2000.
300 ## - PHYSICAL DESCRIPTION
Extent 59 [i.e. 118] p. :
Other physical details ill. ;
Dimensions 28 cm.
500 ## - GENERAL NOTE
General note "A sampler collection of ... abuse, aging, coping skills, grief, interpersonal skills, leisure, making changes, medication management, parenting, positive attitude, recovery, relationships, self-esteem, self-expression, supports."
650 #0 - SUBJECT ADDED ENTRY--TOPICAL TERM
Topical term or geographic name entry element Life skills
General subdivision Activity programs.
650 #0 - SUBJECT ADDED ENTRY--TOPICAL TERM
Topical term or geographic name entry element Self-management (Psychology)
General subdivision Activity programs.
650 #0 - SUBJECT ADDED ENTRY--TOPICAL TERM
Topical term or geographic name entry element Self-help techniques
General subdivision Activity programs.
700 1# - ADDED ENTRY--PERSONAL NAME
Personal name Leutenberg, Estelle A.
Holdings
Withdrawn status Lost status Damaged status Not for loan Home library Current library Shelving location Date acquired Total checkouts Full call number Barcode Date last seen Price effective from Koha item type
        Springfield Springfield General stacks 22/03/2026   GEN BC0011118 22/03/2026 22/03/2026 Books